| 000 | 00679nam a22002290 4500 | ||
|---|---|---|---|
| 001 | ocn971232754x | ||
| 003 | PILC | ||
| 005 | 20160128090133.0 | ||
| 008 | 021113s1999 eng | ||
| 020 | _a971232754X | ||
| 050 |
_aP 90 _b.B34 1999 |
||
| 100 | 1 | _aBascara, Linda R. | |
| 245 | 1 | 0 |
_aCommunication skills for college and beyond / _cLinda R. Bascara, Lilia A. Manzano, Agnes A. Tolosa. |
| 250 | _a1st edition. | ||
| 260 |
_aManila : _bRex Book Store, _c1999. |
||
| 300 |
_axii, 167 pages ; _c23 cm. |
||
| 440 | 0 |
_aRBS English series ; _v2. |
|
| 650 | _aCommunication. | ||
| 700 | 1 | _aManzano, Lilia A. | |
| 700 | 1 | _aTolosa, Agnes A. | |
| 942 |
_2lcc _cBK _kFIL |
||
| 999 |
_c290451 _d290451 |
||